Giáo trình nhập môn khoa học giao tiếp

Giới thiệu khoa học giao tiếp và hành vi giao tiếp. Quá trình giao tiếp với những kĩ năng giao tiếp như thế nào? Cách rèn luyện kĩ năng giao tiếp.

Đã lưu trong:
書目詳細資料
主要作者: Nguyễn, Bá Minh
格式: 圖書
語言:Undetermined
出版: Hà Nội Đại học Sư phạm 2014
主題:
標簽: 添加標簽
沒有標簽, 成為第一個標記此記錄!
Thư viện lưu trữ: Trung tâm Học liệu Trường Đại học Cần Thơ
LEADER 00836nam a2200205Ia 4500
001 CTU_199955
008 210402s9999 xx 000 0 und d
020 |c 36000 
082 |a 302.2 
082 |b M312 
100 |a Nguyễn, Bá Minh 
245 0 |a Giáo trình nhập môn khoa học giao tiếp 
245 0 |c Nguyễn Bá Minh 
260 |a Hà Nội 
260 |b Đại học Sư phạm 
260 |c 2014 
520 |a Giới thiệu khoa học giao tiếp và hành vi giao tiếp. Quá trình giao tiếp với những kĩ năng giao tiếp như thế nào? Cách rèn luyện kĩ năng giao tiếp. 
650 |a Social interaction,Sociology,Giao tiếp xã hội,Xã hội học 
904 |i Bằng 
980 |a Trung tâm Học liệu Trường Đại học Cần Thơ